Harry Potter by the Letter H - Statistics

General Stats
  • This quiz has been taken 113 times
  • The average score is 12 of 13
Answer Stats
Clue Answer % Correct
The main character in all the books harry potter
100%
The Care of Magical Creatures teacher hagrid
99%
The house that has a badger as their main animal hufflepuff
99%
The main character's owl hedwig
98%
The name of the magic school hogwarts
98%
The main character's best friend hermione
97%
what is Dobby house elf
94%
What type of animal is Buckbeak hippogriff
93%
The all-magic town the school visits often hogsmeade
92%
what letter magnifies the voice of the sender howler
80%
Married Neville Longbottom hannah
78%
what person was often quidditch referee hooch
73%
the famous candy store honeydukes
69%
No matching quizzes found
Score Distribution
Percent of People with Each Score
Percentile by Number Answered
Your Score History
You have not taken this quiz